000 00497nam a2200181Ia 4500
005 20250508152216.0
008 008 250505s9999 xx 000 0 eng d
037 _aTextual
040 _aFEDL
_beng
_cFEDL
041 _aeng
_2eng
084 _a808.3, RAT
_qFEDL
100 _aRatcliff A J J Ed.
_910814
245 0 _aProse of out time
260 _aLondon, UK
_bThomas Nelson and Sons Ltd
_c1945
300 _avi,279p.
942 _cTEXL
_h808.3, RAT
999 _c1334972
_d1334972